Famous Poems' Last Lines II Quiz Stats

 Plays Quiz Updated Mar 25, 2020

Support Sporcle.
Go Orange.
Score 0/20 Timer 10:00
0 Plays Today
Last Line Poem % Correct
'But there is no joy in Mudville - mighty Casey has struck out.'Casey at the Bat
73.7%
'And miles to go before I sleep.'Stopping by Woods on a Snowy Evening
42.7%
'Rage, rage, against the dying of the light.'Do not go gentle into that good night
33.3%
'And dances with the daffodils.'I wandered lonely as a cloud
32.2%
'Pro patria mori'Dulce et decorum est
28.3%
'They danced by the light of the moon.'The Owl and the Pussycat
26.9%
'I shall but better love thee after death.'Sonnet 43
23.7%
'Slouches toward Bethlehem to be born?'The Second Coming
23.5%
'But only God can make a tree.'Trees
23.4%
'Till human voices wake us and we drown.'The Love Song of J Alfred Prufrock
19.9%
Last Line Poem % Correct
'And death shalt be no more; death, thou shalt die.'Death, be not proud
19.6%
'chickens.'The Red Wheelbarrow
19.4%
'To strive, to seek, to find, and not to yield'Ulysses
15.6%
'in my dreams you walk dripping from a sea-journey on the highway across America in tears to the door of my cottage in the Western night'Howl
13.1%
'Fled is that music--do I wake or sleep?'Ode to a Nightingale
12.7%
'To live with me, and be my love.'The Passionate Shepherd To His Love
9.6%
'The garland briefer than a girl's.'To an Athlete Dying Young
8.8%
'If Winter comes, can Spring be far behind?'Ode to the West Wind
8.2%
'Die soon.'We real cool
7.6%
'I stop somewhere waiting for you.'Song of Myself
6.4%

You're not logged in!

Compare scores with friends on all Sporcle quizzes.
OR
Log In

From the Vault

Euro 2012 English Squad

by Ireland

Euro 2012 kicks off June 8th in Warsaw. Are you ready?
Remove Ads.
Support Sporcle.
Get the best of Sporcle when you Go Orange. This ad-free experience offers more features, more stats, and more fun while also helping to support Sporcle. Thank you for becoming a member.

Show Comments

Extras

Top Quizzes Today


Score Distribution

Your Account Isn't Verified!

In order to create a playlist on Sporcle, you need to verify the email address you used during registration. Go to your Sporcle Settings to finish the process.

Report this User

Report this user for behavior that violates our Community Guidelines.

Details: